ბათუმის შოთა რუსთაველის სახელმწიფო უნივერსიტეტის ბიბლიოთეკა

ხეხილის აგროცენოზებში გავრცელებული ძირითადი სასარგებლო მწერები : (ბიბ.ჩანაწერი № 62992)

000 -ლიდერი
ფიქსირებული სიგრძის საკონტროლო ველი 01170nam a22002057a 4500
003 - საკონტროლო ნომრის იდენტიფიკატორი
საკონტროლო ველი Ge_BSU
005 - ბოლო ოპერაციის თარიღი და დრო
საკონტროლო ველი 20250424114436.0
008 - ფიქსირებული სიგრძის მონაცემთა ელემენტები - ზოგადი ინფორმაცია
ფიქსირებული სიგრძის საკონტროლო ველი 250424s2024 ge ||||| |||| 00| 0 geo d
020 ## - წიგნის საერთაშორისო სტანდარტული ნომერი
International Standard Book Number 9789941873218
041 ## - ენის კოდი
Language code of text/sound track or separate title geo
080 ## - უნივერსალური ათობითი კლასიფიკაციის ინდექსი
Universal Decimal Classification number 634.1 : 595.7 ა-48
100 ## - მთავარი ჩანაწერი - პიროვნების სახელი
Personal name ალექსიძე, გურამ
9 (RLIN) 7983
245 ## - ცნობა სათაურის შესახებ
Title ხეხილის აგროცენოზებში გავრცელებული ძირითადი სასარგებლო მწერები :
Remainder of title (მტაცებლები, პარაზიტოიდები) (რეკომენდაციები ხეხილის ბიოლოგიური დაცვისთვის) /
Statement of responsibility, etc გურამ ალექსიძე; რედ. თ. ეპიტაშვილი.
264 ## - წარმოების, გამოცემის, დისტრიბუციის და სხვა ცნობები
გამოცემის, წარმოების, დისტრიბუციის... ადგილი თბილისი,
გამოცემის, წარმოების, დისტრიბუციის... თარიღი 2024.
300 ## - ფიზიკური აღწერა
Extent 52 გვ. :
Other physical details ილ.;
Dimensions 21 სმ.
504 ## - BIBLIOGRAPHY, ETC. NOTE
Bibliography, etc ბიბლიოგრ. გვ. 50-51
653 ## - INDEX TERM--UNCONTROLLED
Uncontrolled term ხეხილის სასარგებლო მწერები
700 ## - ADDED ENTRY--PERSONAL NAME
Personal name ეპიტაშვილი, თ.
Relator term რედაქტორი
9 (RLIN) 24932
942 ## - ADDED ENTRY ELEMENTS (KOHA)
Source of classification or shelving scheme
Koha item type წიგნი
ეგზემპლარები
ჩამოწერის სტატუსი დაკარგული ეგზემპლარის სტატუსი კლასიფიკაციის წყარო ან თაროზე გაწყობის სქემა დაზიანების სტატუსი არ გაიცემა მუდმივი მდებარეობა (დაცვის ადგილი) ამჟამინდელი ადგილსამყოფელი თაროზე განთავსების ადგილი შეძენის თარიღი ღირებულება, შესყიდვის ნორმალური ფასი სრული შენახვის შიფრი შტრიხკოდი ბოლო ოპერაციის თარიღი ეგზემპლარის მიმდევრობითი ნომერი (კეტერი?) Uniform Resource Identifier ფასის ძალაში შესვლის თარიღი ეგზემპლარის სახეობა საჯარო შენიშვნა
          აგრარული და მემბრანული ტექნოლოგიების ინსტიტუტის ბიბლიოთეკა აგრარული და მემბრანული ტექნოლოგიების ინსტიტუტის ბიბლიოთეკა წიგნსაცავი 2025-04-24 5.00 634.1 : 595.7 ა-48 71215 2025-04-24 71215 ნაჩუქარი 2025-04-24 წიგნი 5 ლ.